00541nam a22001577a 4500999001700000082001200017100003100029245006000060260006700120300000900187650002300196650002200219650002900241942001200270952010100282 c39597d39597 aRQ.0022 aPatil, Arundhati Suryakant aanalytical study of child sexual abuse in Beed district aNew Delhi :bIndian Council of Social Science Researh,c©2011 a65p. aChild sexual abuse aChild molestation aSexual abuse of children 2ddccRP 00104070aNASSDOCbNASSDOCd2024-04-30l0oRQ.0022p53868r2024-04-30 00:00:00w2024-04-30yRP